| 000 | 00931nam a2200229Ia 4500 | ||
|---|---|---|---|
| 001 | L210-3890 | ||
| 003 | IT-CnALBA | ||
| 008 | 170116s9999||||xx |||||||||||||| ||und|| | ||
| 040 |
_aIT-CnALBA _cIT-CnALBA |
||
| 041 | _aFRANCESE | ||
| 100 | _aD'ORIENT A. | ||
| 245 | 0 | _aACCOMPLISSEMENT DES PROPHETIES (APRES LE LIVRE LE DESTINEES DE L'AME). TOME V. | |
| 250 | _a1a ed. | ||
| 260 |
_aUNIS, COMON ET C. PA _bCOMPTOIR DES IMPR. _c1855 [1° Ed.:1855 - Ed.Ling.Originale: 1855] |
||
| 300 | _a472 p. | ||
| 500 | _aMORTE DI VOLTAIRE. INIZIO DELLA RIVOLUZIONE. CHIESA SCHIAVA DELLA RIVOLUZIONE. SCISMA NELLA CHIESA. | ||
| 501 | _aSocietà San Paolo EM - Piazza San Paolo, 14 - 12051 ALBA (CN) (non commercial uses only) ® Copyright 2017 | ||
| 520 | _aMORTE DI VOLTAIRE. INIZIO DELLA RIVOLUZIONE. CHIESA SCHIAVA DELLA RIVOLUZIONE. SCISMA NELLA CHIESA. | ||
| 650 | _aRELIGIONE NATURALE | ||
| 942 | _cBK | ||
| 957 | _71 | ||
| 999 |
_a4868 _bSI _g Copie: 1 _c263076 _d263076 |
||